<?xml version="1.0" encoding="UTF-8"?>
<record
    xmlns:xsi="http://www.w3.org/2001/XMLSchema-instance"
    xsi:schemaLocation="http://www.loc.gov/MARC21/slim http://www.loc.gov/standards/marcxml/schema/MARC21slim.xsd"
    xmlns="http://www.loc.gov/MARC21/slim">

  <leader>00949nam a2200205 a 4500</leader>
  <controlfield tag="005">20180804042812.0</controlfield>
  <controlfield tag="008">161123t2016    ck ado||r|||| 00| 0 spa d</controlfield>
  <datafield tag="040" ind1=" " ind2=" ">
    <subfield code="a">CO-BoIAVH </subfield>
    <subfield code="c">CO-BoIAVH </subfield>
  </datafield>
  <datafield tag="041" ind1="0" ind2=" ">
    <subfield code="a">spa</subfield>
  </datafield>
  <datafield tag="044" ind1=" " ind2=" ">
    <subfield code="a">ck</subfield>
  </datafield>
  <datafield tag="082" ind1="0" ind2="4">
    <subfield code="a">343.077</subfield>
    <subfield code="b">M53c</subfield>
  </datafield>
  <datafield tag="245" ind1="0" ind2="0">
    <subfield code="a">Memorias al Congreso de la Rep&#xFA;blica 2015 - 2016 / </subfield>
    <subfield code="c">Ministerio de Minas y Energ&#xED;a</subfield>
  </datafield>
  <datafield tag="260" ind1=" " ind2=" ">
    <subfield code="a">Bogot&#xE1;, Colombia : </subfield>
    <subfield code="b">Ministerio de Minas y Energ&#xED;a,</subfield>
    <subfield code="c">2016.</subfield>
  </datafield>
  <datafield tag="300" ind1=" " ind2=" ">
    <subfield code="a">208 p&#xE1;ginas : </subfield>
    <subfield code="b">ilustraciones a color, tablas, gr&#xE1;ficas y fotograf&#xED;as a color ; </subfield>
    <subfield code="c">28 x 21 cm. + </subfield>
    <subfield code="e">1 CD-ROM</subfield>
  </datafield>
  <datafield tag="650" ind1="1" ind2="6">
    <subfield code="a">Miner&#xED;a </subfield>
    <subfield code="x">Administraci&#xF3;n p&#xFA;blica</subfield>
    <subfield code="y">2015-2016</subfield>
    <subfield code="z">Colombia</subfield>
    <subfield code="v">Informes</subfield>
  </datafield>
  <datafield tag="650" ind1="2" ind2="6">
    <subfield code="a">Miner&#xED;a </subfield>
    <subfield code="x">Administraci&#xF3;n p&#xFA;blica</subfield>
    <subfield code="x">Gesti&#xF3;n ambiental</subfield>
    <subfield code="y">2015-2016</subfield>
    <subfield code="z">Colombia</subfield>
    <subfield code="v">Informes</subfield>
  </datafield>
  <datafield tag="650" ind1="2" ind2="6">
    <subfield code="a">Miner&#xED;a </subfield>
    <subfield code="x">Administraci&#xF3;n p&#xFA;blica</subfield>
    <subfield code="x">Aspectos sociales</subfield>
    <subfield code="y">2015-2016</subfield>
    <subfield code="z">Colombia</subfield>
    <subfield code="v">Informes</subfield>
  </datafield>
  <datafield tag="710" ind1="1" ind2=" ">
    <subfield code="a">Colombia</subfield>
    <subfield code="b">Ministerio de Minas y Energ&#xED;a</subfield>
  </datafield>
  <datafield tag="942" ind1=" " ind2=" ">
    <subfield code="2">ddc</subfield>
    <subfield code="c">LIBRO</subfield>
  </datafield>
  <datafield tag="999" ind1=" " ind2=" ">
    <subfield code="c">19130</subfield>
    <subfield code="d">19130</subfield>
  </datafield>
  <datafield tag="952" ind1=" " ind2=" ">
    <subfield code="0">0</subfield>
    <subfield code="1">0</subfield>
    <subfield code="2">ddc</subfield>
    <subfield code="4">0</subfield>
    <subfield code="7">0</subfield>
    <subfield code="8">GENERAL</subfield>
    <subfield code="I">INV2017</subfield>
    <subfield code="a">Bogota</subfield>
    <subfield code="b">Bogota</subfield>
    <subfield code="d">2016-11-23</subfield>
    <subfield code="e">Instituto</subfield>
    <subfield code="g">39000.00</subfield>
    <subfield code="l">0</subfield>
    <subfield code="o">LB-343.077 M53c</subfield>
    <subfield code="p">040818</subfield>
    <subfield code="r">2016-11-23 00:00:00</subfield>
    <subfield code="t">Ej. 1</subfield>
    <subfield code="w">2016-11-23</subfield>
    <subfield code="x">Donacion</subfield>
    <subfield code="y">LIBRO</subfield>
    <subfield code="z">Incluye CD-ROM con memorias y anexos (CID-040850).</subfield>
  </datafield>
  <datafield tag="952" ind1=" " ind2=" ">
    <subfield code="0">0</subfield>
    <subfield code="1">0</subfield>
    <subfield code="2">ddc</subfield>
    <subfield code="4">0</subfield>
    <subfield code="7">0</subfield>
    <subfield code="8">GENERAL</subfield>
    <subfield code="a">Bogota</subfield>
    <subfield code="b">Bogota</subfield>
    <subfield code="d">2019-12-30</subfield>
    <subfield code="l">0</subfield>
    <subfield code="o">LB-343.077 M53c</subfield>
    <subfield code="p">043959</subfield>
    <subfield code="r">2019-12-30 00:00:00</subfield>
    <subfield code="t">Ej.2</subfield>
    <subfield code="w">2019-12-30</subfield>
    <subfield code="x">Donacion</subfield>
    <subfield code="y">LIBRO</subfield>
    <subfield code="z">Incluye CD-ROM.(CID-043925)</subfield>
  </datafield>
</record>
